Movies Quiz

Random Movies or Disney Quiz

Disney Characters in Disguise Quiz Stats

 Plays Quiz Updated Nov 15, 2012

Challenge
Share
Tweet
Score 0/20 Timer 05:00
2 Plays Today
% Correct
Mulan → Ping
95.9%
Winnie the Pooh → a raincloud
86.1%
Mickey Mouse & Donald Duck → Minnie Mouse & Daisy Duck
84.3%
Robin Hood → blind beggar
76.1%
Jafar → Old Man
67.8%
Princess Aurora → Briar Rose
67.2%
Wicked Queen → Old Hag
66%
Ursula → Vanessa
63.2%
Iago → a flamingo
62.9%
Pongo → a labrador
54.8%
% Correct
Mater → Ivan
52.7%
Brom Bones → The Headless Horseman
44.5%
Kuzco → Pacha's Wife
41.8%
Pain & Panic → Bunny and Chipmunk
29%
Toad → Toad's Grandma
22%
Lawrence → Prince Naveen
20.2%
Basil and Dawson → Sailors/Pirates
19.8%
Pleakley → Auntie Pleakley
13.8%
Baron Von Rotten → Judge Doom
9.5%
Queen Narissa → Old Hag
6.5%

You're not logged in!

Compare scores with friends on all Sporcle quizzes.
Join for Free
OR
Log In

You Might Also Like...

Show Comments

Extras

Top Quizzes Today


Score Distribution

Your Account Isn't Verified!

In order to create a playlist on Sporcle, you need to verify the email address you used during registration. Go to your Sporcle Settings to finish the process.

Report this User

Report this user for behavior that violates our Community Guidelines.

Details: